| 000 | 00905cam a2200217 a 4500 | ||
|---|---|---|---|
| 008 | 070713s2008 njuab b 001 0 eng | ||
| 020 | _a9780470163726 | ||
| 020 | _a0470163720 | ||
| 040 |
_aDLC _cDLC _dDLC |
||
| 082 | 0 | 0 |
_a621.388 _222 |
| 100 | 1 | _aO'Driscoll, Gerard. | |
| 245 | 1 | 0 |
_aNext generation IPTV services and technologies _cGerard O'Driscoll. |
| 260 |
_aHoboken, N.J. : _bWiley-Interscience, _cc2008. |
||
| 300 |
_axvii, 490 p. : _bill., map ; _c25 cm. |
||
| 504 | _aIncludes bibliographical references and index. | ||
| 650 | 0 | _aInternet television. | |
| 856 | 4 | 2 |
_3Publisher description _uhttp://www.loc.gov/catdir/enhancements/fy0739/2007029092-d.html |
| 856 | 4 | 1 |
_3Table of contents only _uhttp://www.loc.gov/catdir/enhancements/fy0739/2007029092-t.html |
| 856 | 4 | 2 |
_3Contributor biographical information _uhttp://www.loc.gov/catdir/enhancements/fy0806/2007029092-b.html |
| 942 |
_2ddc _cBK |
||
| 999 |
_c11547 _d11547 |
||